000 00344nam a2200085Ia 4500
245 0 _aWire me a million : [the rise and fall of multimillionaire Billy Wolfe, the world's most audacious white-collar crook]
100 _a SMITH, Jack Shepherd Claremont, South Africa, 2009
_991528
942 _cBK
008 210817s9999 xx 000 0 und d
999 _c371215
_d371214